Concepciones de los docentes sobre la evaluación socialmente justa (Record no. 200082)
[ view plain ]
| 000 -CABECERA | |
|---|---|
| campo de control de longitud fija | 01978nab a2200265 a 4500 |
| 005 - FECHA Y HORA DE LA ÚLTIMA TRANSACCIÓN | |
| campo de control | 20260415064238.0 |
| 008 - ELEMENTOS DE LONGITUD FIJA--INFORMACIÓN GENERAL | |
| campo de control de longitud fija | 991125c2018 sp qr p o 000 0 spa d |
| 035 ## - NÚMERO DE CONTROL DEL SISTEMA | |
| Número de control de sistema | UPN01000227987 |
| 040 ## - FUENTE DE LA CATALOGACIÓN | |
| Centro catalogador/agencia de origen | UPN |
| Lengua de catalogación | spa |
| Centro/agencia transcriptor | UPN |
| Normas de descripción | aacr2 |
| 049 ## - COLECCIÓN | |
| Colección | ART-E |
| 100 1# - ASIENTO PRINCIPAL--NOMBRE PERSONAL | |
| Nombre de persona | Murillo Torrecilla, Francisco Javier |
| Enlace | - javier.murillo@uam.es |
| 100 1# - ASIENTO PRINCIPAL--NOMBRE PERSONAL | |
| Nombre de persona | Hidalgo Farran, Nina |
| 245 10 - MENCIÓN DE TÍTULO | |
| Título | Concepciones de los docentes sobre la evaluación socialmente justa |
| Medio | [recurso electrónico en línea] |
| 506 0# - NOTA DE RESTRICCIONES AL ACCESO | |
| Limitaciones de acceso | Acceso abierto |
| 520 3# - NOTA DE RESUMEN, ETC. | |
| Sumario, etc. | El presente estudio busca conocer las concepciones de docentes sobre una evaluación socialmente justa. Para alcanzar dicho objetivo, se ha llevado a cabo una investigación fenomenográfica en la que han participado 30 docentes de educación Primaria y Secundaria, de centros públicos y privados y situados en contextos socioeconómicos favorables y desafiantes. Los resultados obtenidos muestran que los docentes conciben una evaluación socialmente justa conformada por seis elementos: una evaluación para el aprendizaje (más que del aprendizaje), equitativa y diferenciada para cada estudiante, participativa, que contribuya a la toma de conciencia social, que valore la autoestima y la empatía, y que favorezca y considere la capacidad reflexiva y critica de los estudiantes. Los hallazgos del estudio ponen de manifiesto la importancia de profundizar en concepciones sobre una evaluación socialmente justa del alumnado ya que la práctica evaluativa tiene claras repercusiones en la vida social y académica de los estudiantes. |
| 650 #4 - ASIENTO SECUNDARIO DE MATERIA - TERMINO TEMATICO | |
| Término de materia o nombre geográfico como elemento de entrada | Evaluación educativa |
| 9 (RLIN) | 4298 |
| 650 #4 - ASIENTO SECUNDARIO DE MATERIA - TERMINO TEMATICO | |
| Término de materia o nombre geográfico como elemento de entrada | Estudiantes |
| 9 (RLIN) | 13250 |
| 650 #4 - ASIENTO SECUNDARIO DE MATERIA - TERMINO TEMATICO | |
| Término de materia o nombre geográfico como elemento de entrada | Educación básica |
| 9 (RLIN) | 7340 |
| 653 0# - TERMINO DE INDIZACION - NO CONTROLADO | |
| Término no controlado | Percepción docente |
| 773 ## - ENLACE AL DOCUMENTO FUENTE/ENTRADA DE REGISTRO ANFITRIÓN | |
| Parte(s) relacionada(s) | Vol. 47, no. 4 (2018), p. 441-448 |
| Título | Aula abierta |
| Número Internacional Normalizado para Publicaciones Seriadas | 0210-2773 |
| 856 4# - LOCALIZACIÓN Y ACCESO ELECTRÓNICOS | |
| Identificador Uniforme del Recurso | <a href="https://www.unioviedo.es/reunido/index.php/AA/article/view/13068/11880">https://www.unioviedo.es/reunido/index.php/AA/article/view/13068/11880</a> |
| 856 4# - LOCALIZACIÓN Y ACCESO ELECTRÓNICOS | |
| Identificador Uniforme del Recurso | <a href="https://doi.org/10.17811/rifie.47.4.2018.441-448">https://doi.org/10.17811/rifie.47.4.2018.441-448</a> |
| 905 ## - TIPO DE MATERIAL | |
| Tipo de material | Articulo |
| 942 ## - ELEMENTOS DE PUNTO DE ACCESO ADICIONAL (KOHA) | |
| Tipo de ítem Koha | Artículo Electrónico |
| Estado de retiro | Estado de pérdida | Estado dañado | No para préstamo | Código de colección | Localización permanente | Ubicación/localización actual | Ubicación en estantería | Fecha de adquisición | Total de préstamos | Fecha visto por última vez | Identificador Uniforme del Recurso | Precio válido a partir de | Tipo de ítem Koha |
|---|---|---|---|---|---|---|---|---|---|---|---|---|---|
| Acceso abierto | Bib. Gregorio Torres Quintero | Bib. Gregorio Torres Quintero | En línea | 15/09/2023 | 15/09/2023 | https://reunido.uniovi.es/index.php/AA/article/view/13068/11880 | 15/09/2023 | Artículo Electrónico |
